| 000 | 01156nam0a22003251 4500 | ||
|---|---|---|---|
| 001 | v19\rc\1953927 | ||
| 005 | 20251118180933.9 | ||
| 035 | _a(NLR Aleph) 005038468 | ||
| 090 |
_a6767345 _c6767345 |
||
| 100 | _a20080428d1913 |||y0rusy50 ca | ||
| 101 | 0 | _arus | |
| 102 | _aRU | ||
| 105 | _aa z ||||| | ||
| 200 | 1 |
_aЕстественная история _eДля сред. учеб. заведений и гор. уч-щ _fА. Нечаев, В. Заленский и А. Лебедев |
|
| 205 | _a4-е изд., испр. | ||
| 210 |
_aКиев _cПирогов. т-во _d1913 |
||
| 215 |
_aVIII, 421 с., 499 ил., [9] л. цв. ил. _d23 |
||
| 532 | 1 | 3 | _aЕстественная история |
| 700 | 1 |
_aНечаев _bА. В. _f1864-1915 _gАлексей Васильевич |
|
| 701 | 1 |
_aЗаленский _bВ. В. _f1847-1918 _gВладимир Владимирович |
|
| 701 | 1 |
_aЛебедев _bА. |
|
| 801 | 0 |
_aRU _bNLR _gpsbo |
|
| 801 | 0 |
_aRU _bRuMoRGB _2psbo |
|
| 801 | 1 |
_aRU _bProSoft-M _2rusmarc |
|
| 852 |
_aNLR _j37.44.2.85 |
||
| 899 |
_aRuMoRGB _jU 42/46 |
||
| 899 | _aБАН | ||
| 942 | _cBOOK | ||
| 980 | _aNB | ||